000 00774nam a2200253 i 4500
001 12271
003 ES-MaACL
005 20230906150258.0
008 880713r19871971sp a |||| | gao j
020 _a84-7492-014-0
080 _a087.5:860.9-32"19"
080 _a860.9-32"19":087.5
100 1 _aNeira Vilas, Xosé.
_985344
245 1 2 _aO cabaliño de buxo /
_cXosé Neira Vilas ; [cuberta e ilustracións, Xosé Díaz].
250 _a8ª ed.
260 _aSada, A Coruña :
_bEdiciós do Castro,
_c1987.
300 _a72 p. :
_bil. ;
_c19 cm.
490 1 _aNarrativa pra nenos
500 _aReimp. de la 1ª ed., 1971.
700 1 _aDíaz, Xosé.
_944158
830 0 _aNarrativa pra nenos
_9179271
852 _aES-MaACL
_jL-19605
999 _c12271
_d12271